Statistical analysis of the economic and social consequences of transition processes in Central-East European countries
Salvato in:
| Altri autori: | |
|---|---|
| Natura: | Libro |
| Lingua: | inglese |
| Pubblicazione: |
Krakow
Cracow University of Economics Press
2009
|
| Serie: | Studia i prace Uniwersytetu Ekonomicznego w Krakowie
nr. 6 |
| Soggetti: | |
| Tags: |
Nessun Tag, puoi essere il primo ad aggiungerne!!
|
MARC
| LEADER | 00000nam$a2200000$$$4500 | ||
|---|---|---|---|
| 001 | 0107007 | ||
| 005 | 20240109072224.5 | ||
| 020 | |a 978-83-7252-457-7 | ||
| 022 | |a 1899-6205 | ||
| 041 | 0 | |a eng | |
| 044 | |a PL | ||
| 245 | 1 | 0 | |a Statistical analysis of the economic and social consequences of transition processes in Central-East European countries |c edited by Józef Pociecha |
| 264 | 1 | |a Krakow |b Cracow University of Economics Press |c 2009 | |
| 300 | |a 261 s. | ||
| 490 | 1 | |a Studia i prace Uniwersytetu Ekonomicznego w Krakowie |v nr. 6 | |
| 830 | 0 | |a Studia i prace Uniwersytetu Ekonomicznego w Krakowie |v nr. 6 | |
| 610 | 2 | 0 | |a analýza štatistická |
| 610 | 2 | 0 | |a krajiny tranzitívne |
| 610 | 2 | 0 | |a situácia sociálna |
| 610 | 2 | 0 | |a situácia hospodárska |
| 610 | 2 | 0 | |a stredná Európa |
| 610 | 2 | 0 | |a východná Európa |
| 700 | 1 | |a Pociecha, Józef | |